Leadership without borders : Successful strategies from world-class leaders

Bibliographic Details
Main Author: Cohen,Ed
Format: Book
Published: Singapore : John Wiley & Sons , 2007
Subjects:

MARC

LEADER 00000cam a2200000 7i4500
001 0000028633
005 20091216.0
008 091216
020 |a 0470822272 
090 0 0 |a 658.4092   |b COH 
100 0 |a Cohen,Ed 
245 1 0 |a Leadership without borders :   |b Successful strategies from world-class leaders   |c Ed Cohen 
260 |a Singapore :   |b John Wiley & Sons ,   |c 2007 
650 0 |a Employee motivation 
650 0 |a Leadership 
650 0 |a Personal Management 
999 |a 0001061699   |b Book   |c Adult Collection   |e Perbadanan Perpustakaan Awam Johor